00666cam a22001934a 4500020001800000020001500018040000800033082002600041100001900067245012000086260007800206300003500284490003100319650001700350650001900367650001700386700001900403710005000422 a9780896291782 a0896291782 cDLC00a363 REF 2010 C077 Or.1 aHeadey, Derek.10aReflections on the global food crisis :bhow did it happen? how has it hurt? and how can we prevent the next one? / aWashington, D.C. :bInternational Food Policy Research Institute,cc2010. axvii, 122 p. :bill. ;c23 cm.1 aIFPRI research monograph ; 0aFood supply. 0aFood security. 0aFood prices.1 aFan, Shenggen.2 aInternational Food Policy Research Institute.